| 000 | 00839nam a2200193 a 4500 | ||
|---|---|---|---|
| 001 | 49836 | ||
| 005 | 20180714034657.0 | ||
| 008 | 140415d 000 0 eng d | ||
| 020 | _a0831130105 | ||
| 041 | _aeng | ||
| 082 |
_a620.0045 _bPUN |
||
| 100 | 1 | _aPUNCOCHAR, DANIEL E. | |
| 245 | 1 | 0 | _aINTERPRETATION OF GEOMETRIC DIMENSIONING AND TOLERANCING |
| 250 | _a2a ed. | ||
| 260 |
_a[s.l.] : _bINDUSTRIAL PRESS INC.,, _c[s.f.] |
||
| 300 |
_a143 _c27.9 x 21.4 x 1 |
||
| 520 | _aGEOMETRIC DIMENSIONING AND TOLERANCING IS A METHOD FOR STATING AND INTERPRETING DESING REQUIREMENTS GD&T IS AN INTERNATIONAL SYSTEM OF SYMBOLIC LANGUAGE, AN IS SIMPLY ANOTHER TOOL AVAILABLE TO MAKE ENGINEERING DRAWINGS A BETTER MEANS OF COMMUNICATION FROM DESING THROUGH MANUFACTURING AND INSPECTION. | ||
| 650 | 1 | 4 | _aTOLERANCIAS (INGENIERIA) |
| 999 |
_c49836 _d49836 |
||